000 00611nam a2200181Ia 4500
003 GCL
008 140319s9999 xx 000 0 ara d
040 _aGCL /
_cGCL
082 0 4 _a375.001
_bج د
100 1 _aالجمعية المصرية للمناهج وطرق ا
245 1 0 _aدراسات فى المناهج وطرق التدريس /
_cالجمعية المصرية للمناهج وطرق ا
300 _a144
490 _a100 قصة
_v0
650 0 4 _aالتعليم - مناهج
650 0 4 _aالمسرح التجارى - المغرب
650 0 4 _aالمناهج - تطوير
942 _2ddc
_cBK
999 _c46176
_d46176